000
00331nam a22001457a 4500
003
OSt
008
240223b |||||||| |||| 00| 0 eng d
020
_a
9781781257012
100
_a
HOLIDAY,Ryan
245
_a
Ego is the Enemy
250
_a
1st Ed
260
_a
London
_b
Profile Books Ltd
_c
2016
300
_a
226
942
_2
ddc
_c
BK
999
_c
12232
_d
12232